Sus mejores cuentos / (Record no. 16502)

000 -CABECERA
fixed length control field 00822nam a22002177a 4500
003 - IDENTIFICADOR DEL NÚMERO DE CONTROL
control field AR-CdUCM
008 - DATOS DE LONGITUD FIJA--INFORMACIÓN GENERAL
fixed length control field 190503b ||||| |||| 00| 0 spa d
040 ## - FUENTE DE LA CATALOGACIÓN
Agencia/entidad que catalogó originalmente la obra MUNICIPALIDAD PROVINCIAL DEL CUSCO
Entidad que transcribió la catalogación BIBLIOTECA MUNICIPAL DEL CUSCO
082 ## - NÚMERO DE LA CLASIFICACIÓN DECIMAL DEWEY
No. de Clasificación 869.508 /
Notacion interna P74
100 ## - ENTRADA PRINCIPAL--NOMBRE DE PERSONA
Nombre Personal Poe, Edgar Allan
245 ## - MENCIÓN DE TÍTULO
Título Sus mejores cuentos /
260 ## - PUBLICACIÓN, DISTRIBUCIÓN, ETC.
Lugar de publicación, distribución, etc. Lima :
Nombre de la editorial, distribuidor, etc. Populibros peruanos,
300 ## - DESCRIPCIÓN FÍSICA
Nº de Páginas Extensión 125 páginas ;
Dimensiones 17 cm.
440 ## - MENCIÓN DE SERIE/PUNTO DE ACCESO ADICIONAL--TÍTULO
Título Populibros peruanos ;
9 (RLIN) 5597
505 ## - NOTA DE CONTENIDO CON FORMATO
Nota de contenido formateada Contenido: El escarabajo de oro -- La verdad sobre el casi del Sr. Valdemar -- El gato negro -- El corazón revelador -- El pozo y el péndulo -- La barrica de amontillado.
650 ## - PUNTO DE ACCESO ADICIONAL DE MATERIA--TÉRMINO DE MATERIA
Descriptor Cuentos estadounidenses
9 (RLIN) 10259
650 ## - PUNTO DE ACCESO ADICIONAL DE MATERIA--TÉRMINO DE MATERIA
Descriptor Cuentos fantásticos
9 (RLIN) 10885
650 ## - PUNTO DE ACCESO ADICIONAL DE MATERIA--TÉRMINO DE MATERIA
Descriptor Siglo XIX.
9 (RLIN) 971
942 ## - ELEMENTOS DE PUNTO DE ACCESO ADICIONAL (KOHA)
Fuente de clasificación
Tipo de item Libros-BMC
945 ## - PROCESAMIENTO DE INFORMACIÓN LOCAL (OCLC)
Catalogador davv
AAAA-MM-DD - Fecha de ingreso o modificacion 03/05/2019
Holdings
Estado de retiro (separado) Fuente de clasificación o esquema de estanterías Estado dañado Ubicación Sala donde se ubica Nombre de la colección Fecha de adquisición o compra Costo, precio normal en soles Signatura topográfica Código de Barras Última vez visto (Koha) Tipo de ítem (Koha)
No     Sala Humanidades Sala Humanidades Book Cart 2019-05-03 30.00 869.508 / P743 SH0000011486 2019-05-03 Libros-BMC
No     Sala Humanidades Sala Humanidades Book Cart 2019-05-09 30.00 869.508 / P74 SH0000012785 2019-05-09 Libros-BMC

Powered by Koha